Khái niệm cơ sở trong khoa học tuổi thọ T.2 Đặc điểm bệnh học và điều trị học ở người nhiều tuổi

Sparad:
Bibliografiska uppgifter
Huvudupphovsman: Nguyễn, Thiện Thành
Materialtyp: Bok
Språk:Vietnamese
Publicerad: H. Y học 1980
Ämnen:
Taggar: Lägg till en tagg
Inga taggar, Lägg till första taggen!
Thư viện lưu trữ: Mạng thư viện Đại học Đà Nẵng
LEADER 01134nam a2200313 4500
001 000013613
003 9957
005 20120320080353.0
008 120320s1980 viesd
041 0 |a vie 
082 |a 618.97  |b NG-T 
100 0 |a Nguyễn, Thiện Thành 
245 1 0 |a Khái niệm cơ sở trong khoa học tuổi thọ  |c Nguyễn, Thiện Thành  |n T.2  |p Đặc điểm bệnh học và điều trị học ở người nhiều tuổi 
260 |a H.  |b Y học  |c 1980 
300 |a 222 tr.  |c 19 cm 
653 |a Khoa học tuổi thọ 
653 |a Khái niệm 
773 |t Khái niệm cơ sở trong khoa học tuổi thọ  |w 9956 
910 |a duyên 
OWN |a LSP 
AVA |a UDN50  |b LSP  |d 618.97 NG-T  |e available  |t Error 5001 Not defined in file expand_doc_bib_avail.  |f 1  |g 0  |h N  |i 0  |k 1 
999 |a From the UDN01 
AVA |a UDN50  |b LSP  |d 618.97 NG-T  |e available  |t Error 5001 Not defined in file expand_doc_bib_avail.  |f 1  |g 0  |h N  |i 0  |k 1 
TYP |a Monograph 
TYP |a Printed language 
980 |a Mạng thư viện Đại học Đà Nẵng